| 000 | 00963nam0a22002891 4500 | ||
|---|---|---|---|
| 001 | rc\3219043 | ||
| 005 | 20250609192142.0 | ||
| 021 |
_aRU _b[74-30141] |
||
| 035 | _a(NLR Aleph) 007466534 | ||
| 090 |
_a7371486 _c7371486 |
||
| 100 | _a20130115d1974 |||y0rusy50 ca | ||
| 101 | 0 | _arus | |
| 102 | _aRU | ||
| 105 | _aa z ||||| | ||
| 200 | 1 | _aЭдильбаевская овца | |
| 210 |
_aАлма-Ата _cКайнар _d1974 |
||
| 215 |
_a79 с. _cил. _d20 |
||
| 300 | _aПеред загл. авт.: А. Жандеркин, Д. Кейкин, С. Токкужин | ||
| 606 |
_aОвцы эдильбаевские _2psbo |
||
| 700 | 1 |
_aЖандеркин _bА.Г.И. _gАбдул Газиз Ибраевич |
|
| 701 | 1 |
_aКейкин _bД.С. _gДжардем Салыкович |
|
| 701 | 1 |
_aТоккужин _bС. _gСалимгерей |
|
| 801 | 0 |
_aRU _bNLR _gpsbo |
|
| 801 | 1 |
_aRU _bELAR _2rusmarc |
|
| 852 |
_aNLR _j74-4/6285 |
||
| 942 | _cBOOK | ||
| 980 | _aNB | ||